000 007660000a22002290004500
003 LK-CoMWRAF
005 20231206144847.0
008 230817t2003 ||||| |||| 00| 0 eng d
020 _a9068327224
040 _aLK-CoMWRAF
_dLK-CoMWRAF
_eLK-CoMWRAF
041 _aeng
082 _a362.1
_bMAP
100 _aMaphorogo, Selina
245 _aThe Community is my University:
_bA voice from the grass roots on rural health and development
260 _aAmsterdam:
_bRoyal Tropical Institute,
_c2003
300 _a272 p. : ill. (some col.) ports. ; 24 cm.
_bBibliography and glossary included
650 _aRURAL HEALTH SERVICES
650 _aCommunity Health Services--South Africa.
700 _aSutter, Erika
700 _aJenkins,, Jennifer
_eed.
942 _cBK
999 _c2369
_d2369